Societies [Interdisciplinary Journal]

Guardado en:
Detalles Bibliográficos
Formato: Seriadas
Lenguaje:inglés
Publicado: Basel MDPI
Etiquetas: Agregar Etiqueta
Sin Etiquetas, Sea el primero en etiquetar este registro!

MARC

LEADER 00000nls a2200000 4500
001 0314646
005 20260130102440.7
022 |a 2075-4698 
041 0 |a eng 
044 |a CH 
245 1 0 |a Societies  |b [Interdisciplinary Journal] 
264 1 |a Basel  |b MDPI